| 000 | 01014nam a2200241 a 4500 | ||
|---|---|---|---|
| 001 | 000023166 | ||
| 005 | 20200930022030.0 | ||
| 008 | 101129s1996 mx abch r 001 0dspa d | ||
| 020 | _a9701008103 | ||
| 040 |
_aDO-SdBNP _bspa _cBNPHU |
||
| 041 | 1 | 7 |
_aspa _heng _2Código de idiomas MARC |
| 082 |
_annnn _bB858h |
||
| 100 | 1 |
_aBrinkley, Alan, _947687 |
|
| 240 | 1 | 4 |
_aThe unfinished nation: a concise of the american people. _lEspañol. |
| 245 | 1 | 0 |
_aHistoria de Estados Unidos / _cAlan Brinkley ; traducción de Pilar Mascaró Sacristán ; revisión técnica de Pastor Luis Ramos. |
| 260 |
_aMéxico : _bMcGraw Hill, _c1996. |
||
| 300 |
_axxxvi, 748, [138] p. : _bil., fascs., retrs., mapas ; _c24 cm.. |
||
| 504 | _aIncluye referencias bibliográficas y notas al pie de las páginas. | ||
| 534 |
_pTítulo original en inglés: _tThe unfinished nation: a concise of the american people. _z0070078734 |
||
| 700 | 1 |
_aMascaró Sacristán, Pilar, _etr. _947688 |
|
| 700 | 1 |
_aRamos, Pastor Luis, _947689 |
|
| 049 | _aBNGR | ||
| 999 |
_c22663 _d22663 |
||